Countries with the Lowest Literacy Rates - Statistics

General Stats
  • This quiz has been taken 36 times
  • The average score is 20 of 25
Answer Stats
Hint Answer % Correct
38% Niger
97%
37% Afghanistan
94%
41% Somalia
91%
34% South Sudan
91%
37% Central African Republic
88%
27% Chad
88%
45% Guinea
88%
62% Nigeria
88%
58% Senegal
88%
46% Burkina Faso
85%
52% Guinea-Bissau
85%
31% Mali
85%
67% Mauritania
85%
60% Sudan
85%
47% Benin
82%
51% Ethiopia
82%
59% Gambia
82%
66% Togo
82%
48% Sierra Leone
76%
61% Haiti
73%
48% Liberia
73%
63% Mozambique
73%
58% Pakistan
67%
64% Papua New Guinea
64%
62% Comoros
48%
No matching quizzes found
Score Distribution
Percent of People with Each Score
Percentile by Number Answered
Your Score History
You have not taken this quiz